Wird geladen...

Dambathi/

Bibliographische Detailangaben
1. Verfasser: Valmiki Thripati
Format: Printed Book
Veröffentlicht: Kanpur: Grantham, 1993.
Schlagworte:
LEADER 00452nam a22001331a 4500
082 |a H 306.872  |b VAL/D 
100 |a Valmiki Thripati  |9 158662 
245 |a Dambathi/  |c by Valmiki Thripati. 
260 |a Kanpur:  |b Grantham,  |c 1993. 
300 |a 422p. 
650 |a Marriage Family  |9 158663 
942 |c BK 
999 |c 9811  |d 9811 
952 |0 0  |1 0  |4 0  |6 H_306_872000000000000_VAL_D  |7 0  |9 14365  |a SSUS  |b SSUS  |d 2015-01-08  |g 200.00  |o H 306.872 VAL/D  |p 011181  |r 2015-01-08  |v 0.00  |w 2015-01-08  |y BK